[Event "Aegina op"]
[Site "Aegina"]
[Date "1993.??.??"]
[Round "6"]
[White "Papastavropoulos, Andreas"]
[Black "Kirov, Nino"]
[Result "0-1"]
[WhiteElo "2220"]
[BlackElo "2505"]

1.e4 c5 2.Nf3 e6 3.d4 cxd4 4.Nxd4 Nc6 5.Nc3 Qc7 6.Be3 Nf6 7.a3 a6 8.Be2 Be7
9.O-O O-O 10.f4 d6 11.Qe1 Nxd4 12.Bxd4 e5 13.Be3 exf4 14.Rxf4 Be6 15.Qf2 Nd7
16.Qg3 Ne5 17.Bd4 Rae8 18.Raf1 Qd8 19.Nd5 Bxd5 20.exd5 Bg5 21.Rf5 Bh4 22.Qh3 g6
23.Rxe5 dxe5 24.Bc5 Be7 25.Be3 Qxd5 26.Rd1 Qc6 27.Bh6 Qxc2 28.Qf3 e4 29.Qf1 Qxb2
30.Rd7 Qxa3 31.Bc4 Rc8 32.Rxe7 Qc5+ 33.Kh1 Qxc4 34.Qa1 Qc3 35.Qf1 e3 36.Bxe3 Rce8  0-1

[Event "Alcobendas op"]
[Site "Alcobendas"]
[Date "1993.??.??"]
[Round "5"]
[White "Repkova Eid, Eva"]
[Black "Rojo Huerta, Gabriel"]
[Result "1/2-1/2"]
[WhiteElo "2320"]
[BlackElo "2300"]

1.e4 c5 2.Nf3 e6 3.d4 cxd4 4.Nxd4 Nc6 5.Nc3 Qc7 6.Be3 a6 7.f4 Bb4 8.Bd3 Nf6
9.O-O Bc5 10.Be2 d6 11.Kh1 O-O 12.Bf3 Bd7 13.Qd2 Na5 14.Qd3 Rac8 15.Rad1 Rfd8
16.Rfe1 Be8 17.a3 Bxa3 18.e5 dxe5 19.fxe5 Bxb2 20.exf6 Bxc3 21.fxg7 Bxe1
22.Rxe1 Qc3 23.Qd1 Bc6 24.Bh5 Rd5 25.Bxf7+ Kxf7 26.Rf1+ Kg8 27.Bh6 Rf5 28.Nxf5 Bxg2+
29.Kxg2 Qc6+ 30.Kg3 exf5 31.Rxf5 Qg6+ 32.Qg4 Rc3+ 33.Kf2 Qb6+ 34.Kf1 Qb1+
35.Kg2 Rxc2+ 36.Kh3 Rc3+ 37.Rf3 Qf1+ 38.Kg3 Qg1+ 39.Kh4 Qxh2+ 40.Kg5 Rc5+
41.Rf5 Qd2+ 42.Kh5 Qc2 43.Rxc5 Qxc5+ 44.Bg5 Kxg7 45.Qd7+  1/2-1/2

[Event "Alushta3"]
[Site "Alushta"]
[Date "1993.??.??"]
[Round "?"]
[White "Sokolov, Andrei"]
[Black "Tregubov, Pavel V"]
[Result "0-1"]
[WhiteElo "2525"]
[BlackElo "2475"]

1.e4 c5 2.Nf3 e6 3.d4 cxd4 4.Nxd4 Nc6 5.Nc3 Qc7 6.Be3 a6 7.Be2 Nf6 8.O-O Bb4
9.Na4 O-O 10.Nxc6 bxc6 11.f4 Rb8 12.Bd3 Be7 13.c4 e5 14.fxe5 Qxe5 15.Rf5 Qe6
16.Qf3 d6 17.Nb6 Nd7 18.Nxd7 Bxd7 19.Bd4 c5 20.Bc3 Qg6 21.Qh3 Bg5 22.e5 Bxf5
23.Bxf5 Qh6 24.exd6 Qxh3 25.Bxh3 Rbd8 26.Rd1 Be3+ 27.Kf1 Bd4 28.Rxd4 cxd4
29.Bb4 a5 30.Ba3 Rfe8 31.c5 d3 32.c6 d2 33.Bg4 Re1+ 34.Kf2 d1=Q 35.Bxd1 Rxd1
36.d7 f5 37.b4 axb4 38.Bxb4 Kf7 39.a4 Ke6 40.c7 R1xd7 41.cxd8=Q Rxd8 42.a5 g6
43.Bc5 Rd2+ 44.Kf3 Ra2 45.Bb6 Ra3+ 46.Kf4 Ra4+ 47.Kf3 g5 48.Bd8 h6  0-1

[Event "Alushta op"]
[Site "Alushta"]
[Date "1993.??.??"]
[Round "?"]
[White "Varavin, Viktor"]
[Black "Bashkov, Viacheslav"]
[Result "1-0"]
[WhiteElo "2460"]
[BlackElo "2450"]

1.e4 c5 2.Nf3 e6 3.d4 cxd4 4.Nxd4 Nc6 5.Nc3 a6 6.Be3 Nf6 7.Be2 Qc7 8.O-O Be7
9.f4 d6 10.Kh1 O-O 11.Qe1 Nxd4 12.Bxd4 b5 13.a3 Bb7 14.Qg3 Rac8 15.Bd3 Nh5
16.Qg4 e5 17.Qxh5 exd4 18.Nb1 Rfe8 19.Nd2 g6 20.Qg4 Bf8 21.h4 Bg7 22.Rae1 Rcd8
23.Kh2 Bc8 24.Qg3 Qc5 25.Qf2 Qh5 26.g3 Qg4 27.Rh1 d5 28.e5 f6 29.exf6 Bxf6
30.Kg2 Re3 31.Rxe3 dxe3 32.Qxe3 Bxb2 33.h5 Bf6 34.hxg6 hxg6 35.Rh6 Bf5 36.Be2 Bd4
37.Rh8+ Kf7 38.Rh7+ Kg8 39.Rh8+ Kf7 40.Bxg4 Bxe3 41.Rxd8 Bxg4 42.Rxd5 Bf5
43.Kf3 Ba7 44.Ne4 Ke7 45.g4 Be6 46.Rd6  1-0

[Event "Alushta op"]
[Site "Alushta"]
[Date "1993.??.??"]
[Round "?"]
[White "Bezgodov, Alexei"]
[Black "Tunik, Gennady"]
[Result "1/2-1/2"]
[WhiteElo "2345"]
[BlackElo "2465"]

1.e4 c5 2.Nf3 e6 3.d4 cxd4 4.Nxd4 Nc6 5.Nc3 a6 6.Nxc6 bxc6 7.Bd3 d6 8.O-O Nf6
9.b3 Qc7 10.Bb2 Be7 11.Na4 d5 12.exd5 cxd5 13.c4 Bb7 14.Rc1 Qd6 15.Re1 O-O
16.Be5 Qc6 17.Bf1 Rac8 18.Bxf6 Bxf6 19.cxd5 Qxd5 20.Qxd5 exd5 21.Rxc8 Bxc8
22.Nb6 Be6 23.Bxa6 Rb8 24.Na4 Kf8 25.Nc5 Ke7 26.Bd3 g6 27.Re2 Kd6 28.Rc2 Ke5
29.a4 Kd4 30.Rc1 Bg5 31.Nxe6+ fxe6 32.Rd1 Kc3 33.a5 Rxb3 34.a6 Ra3 35.Bf1 Bd2
36.Rb1 e5 37.Rb5 Kd4 38.Rb7 h5 39.g3 e4 40.Kg2 Ra2 41.Be2 Bc3 42.a7 Ke5 43.Rb6 Rxa7
44.Rxg6 Ra2 45.Kf1 d4 46.Rg5+ Kd6 47.Bxh5 d3 48.Rd5+ Ke6 49.Rd8 Ra1+ 50.Kg2 Re1
51.h4 Ba5 52.Bg4+ Ke5 53.Rf8 Bb4 54.Rf5+ Kd6 55.h5 d2 56.h6 d1=Q 57.Bxd1 Rxd1
58.h7 Bc3 59.Rf8 Ke6 60.Rg8 Bb2 61.h8=Q Bxh8 62.Rxh8 Kf5 63.Rh5+ Ke6 64.Rh4 Re1
65.Rh1 Re2 66.Kf1 Rb2 67.Rh4 Ke5 68.Rh8 Rb1+ 69.Kg2 Kf5  1/2-1/2

[Event "Arandjelovac"]
[Site "Arandjelovac"]
[Date "1993.??.??"]
[Round "4"]
[White "Kovacevic, Aleksandar"]
[Black "Cabrilo, Goran"]
[Result "0-1"]
[WhiteElo "2405"]
[BlackElo "2530"]

1.e4 c5 2.Nf3 Nc6 3.d4 cxd4 4.Nxd4 e6 5.Nc3 a6 6.Be2 d6 7.O-O Nf6 8.Kh1 Be7
9.f4 Bd7 10.f5 b5 11.fxe6 fxe6 12.Bh5+ g6 13.Bf3 Ne5 14.Bh6 Bf8 15.Bxf8 Rxf8
16.Qd2 Rc8 17.Rad1 Nc4 18.Qc1 Qb6 19.b3 Ne5 20.Nce2 Nxf3 21.Rxf3 Qc5 22.Rdf1 Ke7
23.Qh6 Qh5 24.Qxh5 gxh5 25.c3 Nxe4 26.Rxf8 Rxf8 27.Rxf8 Kxf8 28.Nc2 Ke7 29.Kg1 e5
30.Nb4 a5 31.Nd5+ Ke6 32.Nc7+ Kf5 33.Nd5 h4 34.c4 bxc4 35.Ne3+ Ke6 36.bxc4 Bc6
37.Kf1 d5 38.cxd5+ Bxd5 39.a3 Nd2+ 40.Ke1 Nc4 41.Nxc4 Bxc4 42.Nc3 Bd5 43.Kf2 Kd6
44.g3 hxg3+ 45.hxg3 Kc5 46.Ke3 Kc4 47.Kd2 Bc6 48.Kc2 e4  0-1

[Event "Arandjelovac"]
[Site "Arandjelovac"]
[Date "1993.??.??"]
[Round "9"]
[White "Drozdov, Igor"]
[Black "Matulovic, Milan"]
[Result "1-0"]
[WhiteElo "2375"]
[BlackElo "2460"]

1.e4 c5 2.Nf3 Nc6 3.Nc3 e6 4.d4 cxd4 5.Nxd4 Qc7 6.Be2 a6 7.O-O Nf6 8.Kh1 Bb4
9.Nxc6 bxc6 10.Qd4 c5 11.Qe3 Bb7 12.e5 Bxc3 13.Qxc3 Nd5 14.Qg3 Ne7 15.Re1 Nf5
16.Qc3 O-O 17.Bd3 f6 18.Bf4 Nh4 19.f3 f5 20.b3 Ng6 21.Bd2 a5 22.Bb5 Ne7 23.a4 Nd5
24.Qd3 Bc6 25.c4 Nb4 26.Qc3 f4 27.Re2 Rf5 28.Be1 Bb7 29.Bf2 Nc6 30.Rae1 Qb6
31.Rd1 Rd8 32.Rd6 Qa7 33.Qb2 Ba8 34.Red2 Nxe5 35.Rxe6 Nxf3 36.gxf3 Bxf3+
37.Kg1 Rg5+ 38.Kf1 Qa8 39.Rxd7 Rxd7 40.Bxd7 Bh5 41.Bc6 Qd8 42.Bd5 Rxd5 43.cxd5 Qxd5
44.Re2 Qd1+ 45.Be1 Qd3 46.Qd2 Bxe2+ 47.Qxe2 Qh3+ 48.Kg1 h6 49.Qc4+ Kh8 50.Qxc5 Qg4+
51.Kf2 Qh4+ 52.Ke2 Qxh2+ 53.Kd1 Qh3 54.Kc2 Qg2+ 55.Qf2 Qe4+ 56.Kb2 g5 57.Bxa5 g4
58.Qa7 Kg8 59.Bc3 Kf8 60.Qg7+ Ke8 61.Qe5+ Qxe5 62.Bxe5 f3 63.Bg3 Kd7 64.a5 Kc6
65.b4 Kb5 66.Kb3 h5 67.Bf2  1-0

[Event "Athens op"]
[Site "Athens"]
[Date "1993.??.??"]
[Round "8"]
[White "Nikolaidis, Konstantinos"]
[Black "Atalik, Suat"]
[Result "1/2-1/2"]
[WhiteElo "2315"]
[BlackElo "2535"]

1.e4 c5 2.Nf3 e6 3.d4 cxd4 4.Nxd4 Nc6 5.Nc3 Qc7 6.Be2 a6 7.O-O Nf6 8.Kh1 Be7
9.f4 d6 10.Be3 O-O 11.a4 Nxd4 12.Bxd4 e5 13.Be3 exf4 14.Rxf4 Be6 15.a5 Rac8
16.Rf2 Rfe8 17.h3 Qb8 18.Bd4 Nd7 19.Nd5 Bh4 20.Rf1 Bxd5 21.exd5 Ne5 22.c4 Bg5
23.b3 g6 24.Ra2 f5 25.Rc2 Nd7 26.b4 Be3 27.g4 Bxd4 28.Qxd4 Re4 29.Qf2 Re5
30.Bd3 Rf8 31.gxf5 Qd8 32.Qg3 Kg7 33.Rcf2 g5 34.Qg4 h6 35.Qd4 Qf6 36.c5 dxc5
37.bxc5 Rc8 38.Rc2 Rc7 39.d6 Rcxc5 40.Rxc5 Rxc5 41.Qe4 Rc6 42.Qe7+ Qxe7 43.dxe7 Nf6
44.Be4 Rc5 45.Rb1 Kf7 46.Bxb7 Rxa5 47.Re1 Rc5 48.Bxa6 Rc7 49.Kg2 Rxe7 50.Bc4+  1/2-1/2

[Event "AUT-ch"]
[Site "?"]
[Date "1993.??.??"]
[Round "3"]
[White "Wittmann, Walter"]
[Black "Klinger, Josef"]
[Result "0-1"]
[WhiteElo "2410"]
[BlackElo "2435"]

1.e4 c5 2.Nf3 e6 3.d4 cxd4 4.Nxd4 Nc6 5.Nc3 a6 6.f4 Nge7 7.Be2 Nxd4 8.Qxd4 Nc6
9.Qf2 d6 10.Be3 b5 11.O-O Be7 12.Rad1 Qc7 13.Bf3 O-O 14.e5 d5 15.Bb6 Qb7
16.Rfe1 Bd7 17.Bc5 Bxc5 18.Qxc5 Rfc8 19.Qf2 Qa7 20.Rd2 Na5 21.Nd1 Nc4 22.Rd4 b4
23.f5 Na5 24.fxe6 fxe6 25.Rxb4 Qxf2+ 26.Nxf2 Rxc2 27.Ng4 Rac8 28.Rb6 R8c6
29.Rb8+ Rc8 30.Rb6 R2c6 31.Rb4 Rc1 32.Kf2 Bb5 33.Rxc1 Rxc1 34.Ke3 Nc6 35.Rb3 Rc2
36.Kf4 Rc4+ 37.Kg3 Ra4 38.a3 h5 39.Nf2 h4+ 40.Kh3 Nxe5 41.Ng4 Ng6 42.Rc3 Rc4
43.Rxc4 Bxc4 44.Ne3 Bb3 45.Kg4 Kf7 46.Kg5 Ne5 47.Bd1 Bxd1 48.Nxd1 h3 49.gxh3 Nc4
50.h4 e5 51.h5 e4 52.Kf4 Ke6 53.h3 Ne5 54.b4 Nd3+ 55.Ke3 Ke5 56.Kd2 d4 57.Kc2 Kd5  0-1

[Event "AUT-ch"]
[Site "?"]
[Date "1993.??.??"]
[Round "5"]
[White "Lendwai, Reinhard"]
[Black "Felsberger, Alfred"]
[Result "0-1"]
[WhiteElo "2425"]
[BlackElo "2360"]

1.e4 c5 2.Ne2 e6 3.Nbc3 Nc6 4.d4 cxd4 5.Nxd4 a6 6.Be3 Nge7 7.Nb3 d6 8.Qd2 Ne5
9.f4 Nd7 10.O-O-O Nc6 11.Bd3 Be7 12.g4 b5 13.g5 Bb7 14.h4 Rc8 15.h5 Nb4 16.Kb1 Nxd3
17.cxd3 b4 18.Ne2 d5 19.g6 dxe4 20.h6 fxg6 21.hxg7 Rg8 22.Rxh7 Nf6 23.Rh8 Qxd3+
24.Qxd3 exd3 25.Ng3 Kf7 26.Rxg8 Kxg8 27.Rxd3 Kxg7 28.Bd4 Kf7 29.Nd2 Nh5 30.Ne2 a5
31.Be5 Ba6 32.Re3 Bc5 33.Nd4 Nxf4 34.Bxf4 Bxd4 35.Rf3 Be2 36.Rh3 Rh8 37.Rxh8 Bxh8
38.Kc2 Bf6 39.Bc7 a4 40.Ne4 Be7 41.b3 a3 42.Nd6+ Kg7 43.Kd2 Ba6 44.Ke3 g5
45.Ke4 Kf6 46.Ne8+ Kg6 47.Ke5 Bd3 48.Kxe6 Bf8 49.Bd6 Bxd6 50.Kxd6 g4 51.Nc7 g3
52.Nd5 Kg5 53.Ne3 Be4 54.Kc5 Kf4 55.Kd4 Kf3 56.Nf1 g2 57.Nd2+ Ke2 58.Nxe4 g1=Q+
59.Kc4 Qe3 60.Nc5 Qc3+  0-1

[Event "AUT-ch"]
[Site "?"]
[Date "1993.??.??"]
[Round "8"]
[White "Schlosser, Michael"]
[Black "Fauland, Alexander"]
[Result "1-0"]
[WhiteElo "2400"]
[BlackElo "2435"]

1.e4 c5 2.Nf3 e6 3.d4 cxd4 4.Nxd4 Nc6 5.Nc3 Qc7 6.Be3 a6 7.f4 b5 8.e5 Bb7
9.Bd3 f5 10.Nxf5 exf5 11.Nd5 Qb8 12.Bxf5 Nge7 13.Bxd7+ Kxd7 14.Nf6+ Ke6 15.f5+ Kf7
16.Qh5+ g6 17.e6+ Kxf6 18.Qh4+ Kxf5 19.O-O+ Kxe6 20.Qf6+ Kd7 21.Rad1+ Nd5
22.Rxd5+ Bd6 23.Rfd1 Qe8 24.Qxd6+  1-0

[Event "AUT-chT"]
[Site "?"]
[Date "1993.??.??"]
[Round "?"]
[White "Mokry, Karel"]
[Black "Chernin, Alexander"]
[Result "1/2-1/2"]
[WhiteElo "2530"]
[BlackElo "2600"]

1.e4 c5 2.Nf3 e6 3.d4 cxd4 4.Nxd4 Nc6 5.Nc3 Qc7 6.Be2 a6 7.O-O Nf6 8.Kh1 Be7
9.f4 d6 10.Nxc6 bxc6 11.Bf3 d5 12.e5 Nd7 13.Na4 a5 14.c4 Ba6 15.Be2 Nb6 16.Nxb6 Qxb6
17.f5 exf5 18.cxd5 Bxe2 19.Qxe2 cxd5 20.Rxf5 O-O 21.Rf3 Rac8 22.Bf4 Rc4 23.b3 Re4
24.Qd3 Bc5 25.Bg3 a4 26.bxa4 Bd4  1/2-1/2

[Event "AUT-chT"]
[Site "?"]
[Date "1993.??.??"]
[Round "?"]
[White "Reichmann, Egon"]
[Black "Sinowjew, Juri"]
[Result "0-1"]
[WhiteElo "2295"]
[BlackElo "2375"]

1.e4 c5 2.Nf3 e6 3.d4 cxd4 4.Nxd4 Nc6 5.Nc3 a6 6.Nxc6 bxc6 7.Bd3 d5 8.O-O Nf6
9.Re1 Be7 10.e5 Nd7 11.Qg4 g6 12.Bh6 Rb8 13.Qh3 Rb4 14.g3 Bf8 15.Bxf8 Kxf8
16.Qh6+ Kg8 17.b3 Qf8 18.Qd2 Kg7 19.Na4 Rb8 20.c4 f6 21.exf6+ Qxf6 22.Qe2 e5
23.Qb2 Bb7 24.Rad1 Rhd8 25.Bf1 e4 26.Qxf6+ Kxf6 27.Bg2 a5 28.cxd5 cxd5 29.f3 exf3
30.Bxf3 Ne5 31.Rf1 Ke7 32.Nc5 Bc6 33.Nd3 Nxf3+ 34.Rxf3 Rf8 35.Re3+ Kd6 36.Nf4 g5
37.Ne2 Rbe8 38.Rxe8 Rxe8 39.Kf2 Bd7 40.Nc3 Re5 41.Rd2 Kc5 42.Nd1 Bg4 43.Ne3 Be6
44.a3 Re4 45.Nc2 d4 46.Rd3 Bd7 47.Rd1 Bb5 48.Re1 Kd5 49.a4 Bd3 50.Rxe4 Bxe4
51.Na3 Kc5 52.Nc4 Kb4 53.Ke2 Bc2 54.Nd2 Kc3  0-1

[Event "AUT-chT"]
[Site "?"]
[Date "1993.??.??"]
[Round "?"]
[White "Stanec, Nikolaus"]
[Black "Sinowjew, Juri"]
[Result "1-0"]
[WhiteElo "2425"]
[BlackElo "2375"]

1.e4 c5 2.Nf3 e6 3.d4 cxd4 4.Nxd4 Nc6 5.Nc3 a6 6.Nxc6 bxc6 7.e5 Qc7 8.f4 d5
9.exd6 Bxd6 10.Ne4 Be7 11.Bd3 Nh6 12.O-O Nf5 13.Qe2 O-O 14.b3 a5 15.Bb2 a4
16.g4 Qb6+ 17.Rf2 Nh4 18.g5 Rd8 19.Qg4 Nf5 20.Re1 axb3 21.axb3 Kh8 22.Qh5 Kg8
23.Bf6 Qa7 24.Bxe7 Nxe7 25.Nf6+ gxf6 26.Qxh7+ Kf8 27.gxf6 Qd4 28.Qh8+ Ng8
29.Qg7+  1-0

[Event "AUT-chT"]
[Site "?"]
[Date "1993.??.??"]
[Round "?"]
[White "Ciric, Dragoljub M"]
[Black "Fauland, Alexander"]
[Result "0-1"]
[WhiteElo "2385"]
[BlackElo "2425"]

1.e4 c5 2.Nf3 Nc6 3.Nc3 e6 4.d4 cxd4 5.Nxd4 d6 6.g3 Nf6 7.Bg2 Bd7 8.O-O Be7
9.Nce2 Nxd4 10.Nxd4 Rc8 11.Qd3 Qc7 12.b3 O-O 13.c4 Rfd8 14.Bb2 a6 15.a4 Be8
16.Qe2 Nd7 17.Qe3 Bf6 18.g4 h6 19.f4 Qc5 20.Rf2 e5 21.Nf5 Qxe3 22.Nxe3 Nc5
23.fxe5 dxe5 24.Nd5 Nxb3 25.Ra3 Na5 26.Nxf6+ gxf6 27.Rxf6 Nxc4 28.Rb3 Bxa4
29.Rxb7 Rd1+ 30.Rf1 Rxf1+ 31.Bxf1 Bc6 32.Rb4 Nxb2 33.Rxb2 a5 34.Ra2 Ra8 35.Bc4 a4
36.Kf2 a3 37.Ke3 Ra4 38.Kd3 Bxe4+ 39.Kxe4 Rxc4+ 40.Kxe5 Ra4 41.h3 Kg7 42.Kf5 f6
43.Ke6 Kg6 44.h4 Ra5 45.Kd6 h5 46.gxh5+ Kxh5 47.Kc6 f5 48.Kb6 Ra8 49.Kb7 Ra4  0-1

[Event "AUT-chT2S 9293"]
[Site "AUT"]
[Date "1993.??.??"]
[Round "?"]
[White "Horvath, Tamas"]
[Black "Horvath, Gyula"]
[Result "1/2-1/2"]
[WhiteElo "2440"]
[BlackElo "2445"]

1.e4 c5 2.Nf3 e6 3.d4 cxd4 4.Nxd4 Nc6 5.Nc3 a6 6.Be2 d6 7.O-O Nf6 8.Be3 Be7
9.f4 O-O 10.Qe1 Nxd4 11.Bxd4 b5 12.a3 Bb7 13.Qg3 Bc6 14.Rae1 Qd7 15.Bd3 a5
16.Re2  1/2-1/2

[Event "Wch Seniors"]
[Site "Bad Wildbad"]
[Date "1993.??.??"]
[Round "4"]
[White "Pantaleev, Dimitar"]
[Black "Vasiukov, Evgeni"]
[Result "1/2-1/2"]
[WhiteElo "2250"]
[BlackElo "2495"]

1.e4 c5 2.Ne2 Nc6 3.Nbc3 e6 4.d4 cxd4 5.Nxd4 Qc7 6.Be2 Nf6 7.O-O Be7 8.Kh1 O-O
9.Bg5 d6 10.Ndb5 Qd7 11.Bxf6 gxf6 12.f4 Kh8 13.Bf3 a6 14.Nd4 Qc7 15.Nce2 Bd7
16.c4 Rac8 17.Nxc6 bxc6 18.Nc3 Rb8 19.Qd2 Rg8 20.Rad1 Qa5 21.Rf2 Rb7 22.Qd3 Rgb8
23.b3 Rg8 24.Re2 Rc7 25.Na4 Bf8 26.g3 Qb4 27.Qd2 Qxd2 28.Rexd2 Be7 29.Rxd6 Bxd6
30.Rxd6 c5 31.Nxc5 Rxc5 32.Rxd7 Ra5 33.Rd2  1/2-1/2

[Event "Baden-Baden op"]
[Site "Baden-Baden"]
[Date "1993.??.??"]
[Round "3"]
[White "Kakabadze, Revaz"]
[Black "Schlosser, Philipp"]
[Result "0-1"]
[WhiteElo "2315"]
[BlackElo "2550"]

1.e4 c5 2.Nf3 e6 3.d4 cxd4 4.Nxd4 Nc6 5.Nc3 Qc7 6.Nxc6 bxc6 7.Bd3 Nf6 8.O-O Be7
9.Re1 d6 10.f4 O-O 11.e5 Nd5 12.Ne4 dxe5 13.fxe5 Qxe5 14.Ng5 Qd4+ 15.Kh1 g6
16.Re4 Qg7 17.c4 Nb4 18.Bb1 Rd8 19.Qe2 c5 20.Be3 Bb7 21.a3 Bxg5 22.Bxc5 Rd2  0-1

[Event "Baden-Baden op"]
[Site "Baden-Baden"]
[Date "1993.??.??"]
[Round "7"]
[White "Schmaltz, Roland"]
[Black "Kabatianski, Alexandr"]
[Result "1-0"]
[WhiteElo "2410"]
[BlackElo "2335"]

1.e4 c5 2.Nf3 e6 3.d4 cxd4 4.Nxd4 Nc6 5.Nc3 Qc7 6.Nb3 Nf6 7.Bd3 a6 8.O-O d6
9.f4 b5 10.Kh1 Be7 11.Qf3 Bb7 12.Bd2 O-O 13.Rae1 Nb4 14.Qg3 Nxd3 15.cxd3 Nd7
16.f5 Bf6 17.Rc1 Qd8 18.fxe6 fxe6 19.Qxd6 Re8 20.Qg3 Rc8 21.a3 Ne5 22.Rxf6 Qxf6
23.Bg5 Qf7 24.Qxe5 Qf2 25.Bd2 Rf8 26.h3 Rf6 27.Qd4 Qxd4 28.Nxd4 Rd8 29.Be3 e5
30.Nf3 Rxd3 31.Re1 Re6 32.Bg1 h6 33.Bh2 a5 34.Nxb5 Rb3 35.Nc7 Re7 36.Nd5 Bxd5
37.exd5 Rd3 38.Bxe5 Rxd5 39.Kg1 g5 40.Kf2 Kf7 41.g4 Kg6 42.Bc3 Rxe1 43.Kxe1 h5
44.Bd2 hxg4 45.hxg4 Rb5 46.b4 axb4 47.axb4 Kf6 48.Bxg5+  1-0

[Event "Oberliga Baden9293"]
[Site "Baden"]
[Date "1993.??.??"]
[Round "?"]
[White "Pfrommer, Christoph"]
[Black "Schaufelberger, Heinz"]
[Result "1/2-1/2"]
[WhiteElo "2325"]
[BlackElo "2290"]

1.e4 c5 2.Nf3 e6 3.d4 cxd4 4.Nxd4 Nc6 5.Nc3 Qc7 6.Be2 Nf6 7.O-O a6 8.Be3 Bb4
9.Na4 O-O 10.Nxc6 bxc6 11.c4 Be7 12.Qc2 c5 13.f4 d6 14.Kh1 Bb7 15.Bd3 g6
16.Rae1 Ng4 17.Bg1 f5 18.a3 Bh4 19.Re2 Nf6 20.Nc3 fxe4 21.Nxe4 Nh5 22.Qc1 e5
23.fxe5 Rxf1 24.Qxf1 Rf8 25.Nf6+ Bxf6 26.exf6 Rxf6 27.Rf2 Qe7 28.Rxf6 Nxf6
29.b4 cxb4 30.axb4 Ne4 31.Qf4 Qf6 32.Qxf6 Nxf6 33.Bd4 Kf7 34.Kg1 Nd7 35.Kf2 Ke6
36.g3 Ne5 37.Bxe5 Kxe5 38.Ke3 Bc8 39.h4 Be6 40.Be2 h6 41.Bd3  1/2-1/2

[Event "Balatonbereny op"]
[Site "Balatonbereny"]
[Date "1993.??.??"]
[Round "3"]
[White "Sziebert, Adam"]
[Black "Toth, Adrienn"]
[Result "1-0"]
[WhiteElo "2285"]
[BlackElo "2075"]

1.e4 c5 2.Nf3 e6 3.d4 cxd4 4.Nxd4 Nc6 5.Nc3 Qc7 6.Be2 a6 7.O-O Nf6 8.Kh1 Nxd4
9.Qxd4 Bc5 10.Qd3 h5 11.f4 Ng4 12.e5 d6 13.Ne4 d5 14.Nxc5 Qxc5 15.Qg3 Qxc2
16.Bd3 Qc5 17.Bd2 Bd7 18.a3 Bc6 19.Bb4 Qb6 20.Rac1 O-O-O 21.Bc5 Qc7 22.h3 Nh6
23.Qf2 Rdg8 24.Bd6 Qa5 25.Rxc6+ bxc6 26.Qa7  1-0

[Event "Balatonbereny op"]
[Site "Balatonbereny"]
[Date "1993.??.??"]
[Round "5"]
[White "Meyer, Juergen"]
[Black "Toth, Adrienn"]
[Result "1/2-1/2"]
[WhiteElo "2345"]
[BlackElo "2075"]

1.e4 c5 2.Nf3 e6 3.d4 cxd4 4.Nxd4 Nc6 5.Nc3 Qc7 6.Be2 a6 7.O-O Nf6 8.Be3 Bb4
9.Bg5 Bxc3 10.Bxf6 gxf6 11.bxc3 b5 12.a4 bxa4 13.Rxa4 Bb7 14.Bd3 Ne5 15.Qa1 O-O
16.f4 Ng6 17.Qe1 Rac8 18.Rc4 Qa5 19.Rb4 Qc7 20.Rc4 Qa5 21.Rb4 Qc7  1/2-1/2

[Event "Balatonbereny op"]
[Site "Balatonbereny"]
[Date "1993.??.??"]
[Round "7"]
[White "Czebe, Attila"]
[Black "Holzmann, Herbert"]
[Result "1-0"]
[WhiteElo "2350"]
[BlackElo "2235"]

1.e4 c5 2.Nf3 e6 3.d4 cxd4 4.Nxd4 Nc6 5.Nc3 a6 6.Nxc6 bxc6 7.Bd3 d5 8.O-O Nf6
9.Qf3 Bd6 10.Re1 Be7 11.Bg5 Bb7 12.Rad1 O-O 13.Qh3 g6 14.Qh4 Re8 15.Bf1 Kg7
16.Re3 Ng8 17.Bxe7 Qxe7 18.Qxe7 Rxe7 19.Na4 Nf6 20.f3 Bc8 21.Rc3 Rb8 22.Rxc6 dxe4
23.Nc5 exf3 24.Rd8 fxg2 25.Bxg2 Re8 26.Rxe8 Nxe8 27.b4 e5 28.c4 Rxb4 29.Rxc8 Nd6
30.Rc7 Kh6 31.Bf1 f5 32.Nb3 a5 33.Nxa5 Ra4 34.c5 Ne4 35.Nc4 Rxa2 36.c6 Nc5
37.Rb7 Ne6 38.c7 Nxc7 39.Rxc7 e4 40.Nd6 Ra3 41.Nf7+ Kh5 42.Be2+ Kh4 43.Ne5 f4
44.Rxh7+ Kg5 45.h4+ Kf5 46.Nc4 Rg3+ 47.Kf2 e3+ 48.Ke1 Ke4 49.Re7+ Kd4 50.Ne5 Kd5
51.Nf3 Kd6 52.Ra7 Ke6 53.Ra5 Kf6 54.Rg5 Rxg5 55.hxg5+ Kf5 56.Bd3+ Kg4 57.Ke2  1-0

[Event "Balatonbereny op"]
[Site "Balatonbereny"]
[Date "1993.??.??"]
[Round "8"]
[White "Micic, Jordanka"]
[Black "Holzmann, Herbert"]
[Result "1-0"]
[WhiteElo "2280"]
[BlackElo "2235"]

1.e4 c5 2.Nf3 e6 3.d4 cxd4 4.Nxd4 Nc6 5.Nc3 a6 6.Be2 Nf6 7.O-O Qc7 8.Be3 Be7
9.f4 d6 10.Kh1 Bd7 11.Nb3 b5 12.a3 O-O 13.Qd2 Rfd8 14.Bf3 Rab8 15.Rae1 Be8
16.Qf2 Nd7 17.Nd5 exd5 18.exd5 Bf6 19.dxc6 Nb6 20.Bd4 Bxd4 21.Nxd4 d5 22.Nf5 Bxc6
23.Qg3 g6 24.Re7 Rd7 25.Rfe1 Rxe7 26.Rxe7 Bd7 27.Nh6+ Kg7 28.Rxf7+ Kh8 29.Qg5 Qd6
30.Nf5 Qe6 31.Rxh7+ Kg8 32.Rg7+ Kf8 33.Qh4  1-0

[Event "Balatonfuzfo"]
[Site "Balatonfuzfo"]
[Date "1993.??.??"]
[Round "7"]
[White "Meszaros, Andras"]
[Black "Kalesis, Nikolaos"]
[Result "1-0"]
[WhiteElo "2345"]
[BlackElo "2310"]

1.e4 c5 2.Nf3 Nc6 3.d4 cxd4 4.Nxd4 e6 5.Nc3 d6 6.Be3 a6 7.Bc4 Nf6 8.f4 Na5
9.Bb3 Be7 10.Qf3 Qc7 11.g4 Nc4 12.Bxc4 Qxc4 13.g5 Nd7 14.h4 b5 15.a3 b4 16.axb4 Qxb4
17.Nb5 Rb8 18.Nc7+ Kd8 19.Nxa6 Bxa6 20.Rxa6 Qxb2 21.Kd2 Qb7 22.Rha1 h6 23.Ra7 Qc8
24.Qe2 hxg5 25.hxg5 Rh3 26.Bd4 Ne5 27.Qf1 Rh2+ 28.Kc1 Nc4 29.Qg1 Rh4 30.Bxg7 Rxf4
31.Bf6 Rb7 32.Ra8 Rb8 33.Bxe7+ Ke8 34.Qh1 Rxa8 35.Rxa8 Rf1+ 36.Qxf1 Qxa8
37.Qxc4 Qa3+ 38.Kd2 Kxe7  1-0

[Event "Barcelona UGA"]
[Site "Barcelona"]
[Date "1993.??.??"]
[Round "2"]
[White "Rahal, Michael"]
[Black "Ochoa de Echaguen, F Javier"]
[Result "1/2-1/2"]
[WhiteElo "2310"]
[BlackElo "2450"]

1.Nf3 c5 2.Nc3 Nc6 3.d4 cxd4 4.Nxd4 e6 5.e4 Nf6 6.a3 d5 7.exd5 Nxd5 8.Nxc6 bxc6
9.Ne4 Ba6 10.Bxa6 Qa5+ 11.Bd2 Qxa6 12.Qe2 Qxe2+ 13.Kxe2 Be7 14.c4 Nb6 15.Rhc1 f5
16.Ng5 Bf6 17.Rab1 O-O 18.f4 Bxg5 19.fxg5 f4 20.b3 Rf5 21.h4 h6 22.gxh6 gxh6
23.g4 fxg3 24.Rg1 Re5+ 25.Be3 Kh7 26.Rxg3 Rg8 27.Rxg8 Kxg8 28.Rd1 Kf7 29.Rd6 c5
30.Kf3 Rf5+ 31.Kg3 h5 32.Rc6 Nd7 33.Rc7 Ke8 34.Rxa7 Ne5 35.Bxc5 Rf3+ 36.Kg2 Rxb3
37.Re7+ Kd8 38.Rxe6 Nxc4 39.a4 Rb2+ 40.Kg3 Ra2 41.Rh6 Rxa4 42.Rxh5 Kd7 43.Rg5 Ke6
44.Rg4 Kd5 45.Bf8 Ra1 46.Bg7 Rg1+ 47.Kf4 Rxg4+ 48.Kxg4 Ke6 49.Kg5 Kf7 50.Ba1 Kg8
51.Kg6 Nd6  1/2-1/2

[Event "Oberliga Bayern9394"]
[Site "Bayern"]
[Date "1993.??.??"]
[Round "?"]
[White "Jell, Klaus"]
[Black "Gazmaga, Stefan"]
[Result "1-0"]
[WhiteElo "2210"]
[BlackElo "2250"]

1.e4 c5 2.Nf3 Nc6 3.d4 cxd4 4.Nxd4 e6 5.Nc3 a6 6.f4 Nxd4 7.Qxd4 Ne7 8.Bd3 Nc6
9.Qf2 b5 10.Be3 Bb7 11.O-O Be7 12.f5 Bf6 13.Qg3 Qb8 14.Qh3 Qc7 15.Rad1 Ne5
16.Bf4 Qc5+ 17.Kh1 h5 18.Be3 Qc6 19.fxe6 fxe6 20.Ne2 Nxd3 21.cxd3 Bxb2 22.Qg3 Bf6
23.Qg6+ Ke7 24.Rxf6 gxf6 25.Qg7+ Kd6 26.Rc1 Qxc1+ 27.Bxc1 b4 28.Qxf6 Raf8
29.Qd4+ Kc7 30.Bf4+  1-0

[Event "JUG-chT2"]
[Site "Becici"]
[Date "1993.??.??"]
[Round "1"]
[White "Sljukic, Miodrag"]
[Black "Kontic, Djordje"]
[Result "0-1"]
[WhiteElo "2225"]
[BlackElo "2400"]

1.e4 c5 2.Nf3 Nc6 3.d4 cxd4 4.Nxd4 e6 5.Nc3 Qc7 6.Be2 Nf6 7.O-O a6 8.Be3 Bb4
9.Nxc6 dxc6 10.Bd3 b5 11.Ne2 Ng4 12.Bf4 e5 13.Bd2 Bxd2 14.Qxd2 c5 15.c3 c4
16.Bc2 Be6 17.Rad1 O-O 18.h3 Rfd8 19.Qg5 h6 20.Qh4 Nf6 21.Ng3 a5 22.Nh5 Nxh5
23.Qxh5 b4 24.Qe2 b3 25.axb3 cxb3 26.Bd3 a4 27.c4 Rd4 28.Rc1 a3 29.bxa3 b2
30.Rc3 Rad8 31.Rb1 Qd7 32.Bc2 Rd2 33.Qf3 Rb8 34.Rd3 Rxd3 35.Qxd3 Qd4 36.Qxd4 exd4
37.Bd3 Rb3 38.Bc2 Rc3 39.Rxb2 Bxc4 40.Kh2 Rxa3 41.Rb4 Rc3 42.Bd1 Kf8 43.Bf3 Ke7
44.Kg3 Kd6 45.Kf4 Kc5 46.Rb7 Be6 47.Rb8 f6 48.Re8 g5+ 49.Kg3 Kd6 50.Rb8 Bd7
51.Rh8 d3 52.Rxh6 d2 53.Kh2  0-1

[Event "JUG-chT2"]
[Site "Becici"]
[Date "1993.??.??"]
[Round "3"]
[White "Kovacevic, Aleksandar"]
[Black "Pikula, Dejan"]
[Result "0-1"]
[WhiteElo "2405"]
[BlackElo "2330"]

1.e4 c5 2.Nf3 e6 3.d4 cxd4 4.Nxd4 Nc6 5.Nc3 Qc7 6.Be2 Nf6 7.O-O a6 8.Kh1 Be7
9.f4 d6 10.Be3 O-O 11.Qe1 Nxd4 12.Bxd4 b5 13.Bd3 Bb7 14.Qg3 g6 15.e5 Nh5
16.Qe3 Ng7 17.exd6 Qxd6 18.Be5 Qd8 19.Be4 Nf5 20.Qe2 Bxe4 21.Nxe4 f6 22.Rfd1 Qb6
23.Bd6 Bxd6 24.Nxd6 Qe3 25.Qf1 Qc5 26.Nxf5 Qxf5 27.Rd2 Rac8 28.c3 Rc4 29.g3 e5
30.fxe5 Qxe5 31.Rad1 Re4 32.Rd5 Qe8 33.R5d2 f5 34.Kg1 Qe6 35.a3 f4 36.Rf2 g5
37.Qd3 Re1+ 38.Rxe1 Qxe1+ 39.Kg2 Qe6 40.gxf4 gxf4 41.Kf1 f3 42.Rd2 Qh3+ 43.Kf2 Qg2+
44.Ke3 f2  0-1

[Event "JUG-chT2"]
[Site "Becici"]
[Date "1993.??.??"]
[Round "4"]
[White "Pikula, Dejan"]
[Black "Vratonjic, Slobodan"]
[Result "1/2-1/2"]
[WhiteElo "2330"]
[BlackElo "2285"]

1.e4 c5 2.Nf3 e6 3.d4 cxd4 4.Nxd4 Nc6 5.Nc3 Qc7 6.Be3 Nf6 7.Be2 Be7 8.O-O O-O
9.f4 d6 10.Qe1 Nxd4 11.Bxd4 e5 12.Be3 exf4 13.Bxf4 Be6 14.Qg3 Nd7 15.Bh6 Qc5+
16.Kh1 Qe5 17.Bf4 Qc5 18.b4 Qxb4 19.Rab1 Qc5 20.Rxb7 Rfe8 21.Nd5 Bxd5 22.exd5 Nf6
23.c4 Ne4 24.Qf3 Bf6 25.Bd3 Qd4 26.Bxe4 Rxe4 27.Bg5 Rae8 28.Bxf6 Qxf6 29.Qxf6 gxf6
30.h3 Re1 31.Rxe1 Rxe1+ 32.Kh2 Rc1 33.Rb8+ Kg7 34.Rc8 Rc3 35.Rc6 a5 36.Rxd6 Rxc4
37.Rc6 Rd4 38.Rc5 a4 39.Ra5 f5 40.d6 Kf6 41.Ra7 Rxd6 42.Rxa4 Rd3 43.Ra6+ Kg5
44.Ra7 h5 45.a4 Ra3 46.a5 f4 47.a6 Ra1 48.Ra8  1/2-1/2